Principal components analysis

Αποθηκεύτηκε σε:
Λεπτομέρειες βιβλιογραφικής εγγραφής
Κύριος συγγραφέας: Dunteman, George Henry 1935-
Μορφή: Βιβλίο
Γλώσσα:English
Δημοσίευση: Newbury Park, Calif. : Sage Publications, c1989
Σειρά:Sage university papers series. Quantitative applications in the social sciences ; ; 69
Θέματα:
Ετικέτες: Προσθήκη ετικέτας
Δεν υπάρχουν, Καταχωρήστε ετικέτα πρώτοι!

MARC

LEADER 00000nam a2200000 i 4500
001 1/14814
008 981015s1989 eng d
020 |a 0-8039-3104-2 
035 |l 10065146 
040 |a GR-MY-UA  |b gre  |e aacr 
041 0 |a eng 
082 0 |a 519.5354 
100 1 |a Dunteman, George Henry  |d 1935- 
245 1 0 |a Principal components analysis /  |c Gearge H. Dunteman 
260 |a Newbury Park, Calif. :   |b Sage Publications,   |c c1989 
300 |a 96 p.;  |b ill.;  |c 22 cm. 
490 1 |a Sage university papers series. Quantitative applications in the social sciences  |v ; 69 
504 |a Icludes bibliographical references (p. 94-95) 
650 0 0 |a Principal components analysis. 
830 0 |a Sage university papers series. Quantitative applications in the social sciences ;  |v ; 69 
852 |a INST  |b LESVOS  |e 19981015  |h 519.535 DUN  |p 005100018431  |q 005100018431  |t BK  |y 0 
852 |a INST  |b SAMOS  |e 20001214  |h 519.5354 DUN  |p 005300018234  |q 005300018234  |t BK  |y 0 
901 |a BIBL3-2001-1 
901 |a BIBL1-1999-1 
909 |a Σ  |b 082890 
909 |a Λ  |b 059645 
922 |a 3ΕΛΗ  |b 200011  |c ΤΣΑΕ/ΚΒ  |d ΜΙΧΑΛΟΠΟΥΛΟΣ 
922 |a 1ΕΛΗ  |b 198909  |c ΚΠΣ/ΤΓ  |d ΠΑΠΑΣΩΤΗΡΙΟΥ 
950 |a 184-2000-09-12 
950 |a 118-1998-07-23 
970 |a ΠΟΥΡΝΑΡΑΣ  |b ΔΗΜΗΤΡΗΣ  |z 2001/01/23